Statistics for Formula 2 Drivers 2020 Season

Click here to take the quiz!

General Stats

  • This quiz has been taken 113 times
    (102 since last reset)
  • The average score is 14 of 23

Answer Stats

TeamNationalityDriver% Correct
Prema RacingGermanyMick Schumacher
91%
UNI-Virtuosi RacingChinaGuanyu Zhou
84%
DAMSEstoniaJüri Vips
82%
CarlinJapanYuki Tsunoda
82%
Hitech Grand PrixRussiaNikita Mazepin
81%
UNI-Virtuosi RacingUnited KingdomCallum Ilott
69%
MP MotorsportBrazilFelipe Drugovich
66%
ART Grand PrixNew ZealandMarcus Armstrong
66%
CarlinIndiaJehan Daruvala
65%
Prema RacingRussiaRobert Shwartzman
65%
ART Grand PrixDenmarkChristian Lundgaard
62%
DAMSUnited KingdomDan Ticktum
62%
DAMSIndonesiaSean Gelael
59%
TridentIsraelRoy Nissany
57%
Campos RacingUnited KingdomJack Aitken
56%
Hitech Grand PrixItalyLuca Ghiotto
56%
TridentJapanMarino Sato
56%
BWT HWA RacelabFranceGiuliano Alesi
51%
BWT HWA RacelabRussiaArtem Markelov
50%
Charouz Racing SystemBrazilPedro Piquet
49%
MP MotorsportJapanNobuharu Matsushita
47%
Charouz Racing SystemSwitzerlandLouis Delétraz
44%
Campos RacingBrazilGuilherme Samaia
38%

Score Distribution

Percentile by Number Answered

Percent of People with Each Score

Your Score History

You have not taken this quiz since the last reset